Music Quiz

Random Music or Song Quiz

Guess the Song Quiz Stats

Quiz not verified by Sporcle

Challenge
Share
Tweet
View on YouTube
Score 0/75 Timer 18:00
0 Plays Today
Time Answer % Correct
0:41Hot N Cold
86%
1:26Lazy
76%
0:32Dynamite
74%
0:12Bring Me To Life
72%
4:36All Star
72%
0:28Disturbia
66%
0:20Counting Stars
62%
3:18Oops!...I Did It Again
62%
62%
2:46Soul Sister
60%
3:34The Real Slim Shady
60%
3:52Fancy
56%
4:50Talk Dirty To Me
56%
4:40Before He Cheats
56%
1:16Ignition
48%
2:30Worth It
46%
1:10I Knew You Were Trouble
44%
3:38Message In A Bottle
42%
0:45One Week
40%
2:26Whenever, Wherever
38%
3:48Fight For Your Right
38%
3:30I Just Had Sex
36%
4:04Just A Dream
32%
2:10What's My Age Again
30%
1:54Renegades
28%
0:53Lips of an Angel
26%
4:28I Really Like You
26%
3:06crushcrushcrush
24%
3:02All The Things She Said
24%
3:10Stolen Dance
24%
3:4499 Luftballons
24%
1:30How You Like Me Now
22%
3:56The Next Episode
22%
4:32Bodies
22%
0:08Savior
18%
2:14What's New Scooby-Doo
18%
1:34Monster
16%
2:00All Apologies
16%
Time Answer % Correct
2:04Skyfall
16%
2:22Linger
14%
2:34Almost Lover
14%
2:58Tell Me Baby
14%
3:14Shower
14%
4:12Headlines
14%
4:20The Hanging Tree
14%
0:04Never Too Late
12%
1:14Don't Tell Me
12%
2:50Ways to Go
12%
4:16I'm Just A Kid
12%
4:24What I've Done
12%
0:00Reflektor
10%
2:42A Certain Romance
10%
4:45Not Your Fault
10%
4:54Jealous
10%
0:57Do you Realize
8%
1:42(What's the Story) Morning Glory
8%
0:16Bumpy Ride
6%
1:01Long Road to Ruin
6%
1:05Hello
6%
1:38Online
6%
1:48At Least It Was Here
6%
2:54Pillow Talking
6%
4:08Kiss Tomorrow Goodbye
6%
4:58The End
6%
0:37Here Comes the Rooster
4%
0:49Mosh
4%
3:26Shepherd Of Fire
4%
3:22Fire water burn
4%
1:20Guns + Ammunition
2%
0:24Desperate Measures
2%
1:50Halo
2%
1:56Seeya
2%
2:16Dead Inside
2%
2:38I Can Feel a Hot One
2%
4:00I Want You So Hard
2%

You're not logged in!

Compare scores with friends on all Sporcle quizzes.
Sign Up with Email
OR
Log In

You Might Also Like...

Show Comments

Extras

Top Quizzes Today


Score Distribution

Your Account Isn't Verified!

In order to create a playlist on Sporcle, you need to verify the email address you used during registration. Go to your Sporcle Settings to finish the process.